00317nam a2200109Ia 4500008004100000082001800041100001600059245004300075260003900118630001800157650003200175211109s9999||||xx |||||||||||||| ||und|| a891.43bNAG-A aNagavarma,  0aAbhidhana Vasthu Edit By A Venkata Raw bNATIONAL BOOKSTALLaKottayamc1933 xGeneral Stack aHindi LiteraturexGeneralia